书目信息 |
| 题名: |
每天一杯果蔬汁:减肚子,抗衰老
|
|
| 作者: | 李宁 | |
| 分册: | ||
| 出版信息: | 北京 中国轻工业出版社 2016.08 |
|
| 页数: | 207页 | |
| 开本: | 20cm | |
| 丛书名: | ||
| 单 册: | ||
| 中图分类: | TS275.5 | |
| 科图分类: | ||
| 主题词: | 饮料--食品工业 , 冷冻食品--食品工业 | |
| 电子资源: | ||
| ISBN: | 7-5184-0965-8 | |
| 000 | 00654nam0 2200217 450 | |
| 001 | 2791 | |
| 005 | 20161206090449.29 | |
| 010 | @a7-5184-0965-8@dCNY38.00 | |
| 100 | @a20150810d2016 km y0chiy0120 ea | |
| 101 | 0 | @achi |
| 102 | @aCN@b110000 | |
| 200 | 1 | @a每天一杯果蔬汁:减肚子,抗衰老@Amei tian yi bei guo shu zhi:jian du zi,kang shuai lao@f李宁@Fli ning |
| 210 | @a北京@c中国轻工业出版社@d2016.08 | |
| 215 | @a207页@d20cm | |
| 330 | @a果汁饮料·制作 | |
| 606 | 0 | @a饮料@x食品工业 |
| 606 | 0 | @a冷冻食品@x食品工业 |
| 690 | @aTS275.5@v4 | |
| 701 | 0 | @a李宁@Ali ning |
| 801 | 0 | @aCN@b大连网信软件有限公司图书馆·11@c20161206 |
| 905 | @aZUCC@dTS275.5@e231 | |
| 每天一杯果蔬汁:减肚子,抗衰老/李宁.-北京:中国轻工业出版社,2016.08 |
| 207页;20cm |
| ISBN 7-5184-0965-8:CNY38.00 |
| 果汁饮料·制作 |
| ● |
| 相关链接 |
|
|
|
|
正题名:每天一杯果蔬汁:减肚子,抗衰老
索取号:TS275.5/231
 
预约/预借
| 序号 | 登录号 | 条形码 | 馆藏地/架位号 | 状态 | 备注 |
| 1 | 911139 | 209111398 | 第二样本阅览室/ [索取号:TS275.5/231] | 在馆 | |
| 2 | 911140 | 209111405 | 第三借阅区/ [索取号:TS275.5/231] | 在馆 | |
| 3 | 911141 | 209111414 | 第三借阅区/ [索取号:TS275.5/231] | 在馆 | |
| 4 | 911142 | 209111423 | 第三借阅区/ [索取号:TS275.5/231] | 在馆 | |
| 5 | 911143 | 209111432 | 第三借阅区/ [索取号:TS275.5/231] | 在馆 |